<?xml version="1.0" encoding="UTF-8"?>
<record
    xmlns:xsi="http://www.w3.org/2001/XMLSchema-instance"
    xsi:schemaLocation="http://www.loc.gov/MARC21/slim http://www.loc.gov/standards/marcxml/schema/MARC21slim.xsd"
    xmlns="http://www.loc.gov/MARC21/slim">

  <leader>00721nam a22002057a 4500</leader>
  <controlfield tag="005">20230320103229.0</controlfield>
  <controlfield tag="008">230227b           ||||| |||| 00| 0 eng d</controlfield>
  <datafield tag="020" ind1=" " ind2=" ">
    <subfield code="a">9781445477176</subfield>
  </datafield>
  <datafield tag="040" ind1=" " ind2=" ">
    <subfield code="c">AL</subfield>
  </datafield>
  <datafield tag="041" ind1=" " ind2=" ">
    <subfield code="a">eng</subfield>
  </datafield>
  <datafield tag="082" ind1=" " ind2=" ">
    <subfield code="2">23</subfield>
    <subfield code="a">791.4375</subfield>
    <subfield code="b">HERG</subfield>
  </datafield>
  <datafield tag="100" ind1=" " ind2=" ">
    <subfield code="a">Andrew Heritage</subfield>
    <subfield code="9">73562</subfield>
  </datafield>
  <datafield tag="245" ind1=" " ind2=" ">
    <subfield code="a">Great movies 100 years of cinema</subfield>
  </datafield>
  <datafield tag="260" ind1=" " ind2=" ">
    <subfield code="a">Delhi</subfield>
    <subfield code="b">Parragon</subfield>
    <subfield code="c">2012</subfield>
  </datafield>
  <datafield tag="300" ind1=" " ind2=" ">
    <subfield code="a">320p.</subfield>
    <subfield code="b">HB</subfield>
    <subfield code="c">26.5x22.5Cm.</subfield>
  </datafield>
  <datafield tag="365" ind1=" " ind2=" ">
    <subfield code="2">General</subfield>
    <subfield code="a">WORDI/2022/CRB/1323</subfield>
    <subfield code="b">1116.00</subfield>
    <subfield code="d">1594.00</subfield>
    <subfield code="e">30%</subfield>
    <subfield code="f">26-08-20023</subfield>
  </datafield>
  <datafield tag="520" ind1=" " ind2=" ">
    <subfield code="a">Comedy; action and adventure; romance and melodrama; musicals; thrillers and crime; historical; war; family;fantasy SCI-FI and horror; drama.</subfield>
  </datafield>
  <datafield tag="650" ind1=" " ind2=" ">
    <subfield code="2">Public Performences</subfield>
    <subfield code="a">Film</subfield>
    <subfield code="9">73563</subfield>
  </datafield>
  <datafield tag="942" ind1=" " ind2=" ">
    <subfield code="2">ddc</subfield>
    <subfield code="c">BK</subfield>
  </datafield>
  <datafield tag="999" ind1=" " ind2=" ">
    <subfield code="c">226829</subfield>
    <subfield code="d">226829</subfield>
  </datafield>
  <datafield tag="952" ind1=" " ind2=" ">
    <subfield code="0">0</subfield>
    <subfield code="1">0</subfield>
    <subfield code="2">ddc</subfield>
    <subfield code="4">0</subfield>
    <subfield code="7">0</subfield>
    <subfield code="8">MAJMC</subfield>
    <subfield code="a">SACPG</subfield>
    <subfield code="b">SACPG</subfield>
    <subfield code="d">2022-09-03</subfield>
    <subfield code="e">Word Book Shop</subfield>
    <subfield code="g">1116.00</subfield>
    <subfield code="l">1</subfield>
    <subfield code="o">791.4375 HERG</subfield>
    <subfield code="p">PG023995</subfield>
    <subfield code="r">2023-04-06 00:00:00</subfield>
    <subfield code="s">2023-03-30</subfield>
    <subfield code="v">1594.00</subfield>
    <subfield code="w">2023-02-27</subfield>
    <subfield code="y">BK</subfield>
  </datafield>
</record>
